1189 1601 1736 1220 1723 1138 1361 1800 1781 1440 1547 1378 1069 1830 1011 1606 1318 1741 1247 1337 1905 1708 1159 1818 1892 1003 1521 1744 1110 1171 1380 1323 1984 1753 1024 1202 1566 1194 1417 1667 1270 1747 1051 1381 1064 1283 1329 1143 1670 1545 1987 1623 1656 1279 1831 1381 1616 1892 1619 1828 1826 1127 1717 1468 1168 1080 1759 1708 1521 1488 1934 1452 1998 1215 1617 1298 1154 1597 1698 1257 1076 1020 1041 1250 1716 1913 1607 1198 1708 1220 1457 1767 1945 1483 1427 1508 1078 1339 1256 BCNSPRNW ULIB Ver.6.0+V

เปลี่ยนเป็นภาษาไทย

Change to English
 แสดงรายละเอียดบรรณานุกรม
  กลับหน้าหลัก

Brief Record : Get Marc (ISO 2709) : E-mail record : QR code < ปิดหน้าต่าง
LEADER : 00000nam 2200000uu 4500
001    13399112514
003     ULIB
008    110819s2551||||th 000 0 tha d
020    9789741009787
050 04 LB2864^bภ464ห 2551
100 0  ภารดี อนันต์นาวี
245 10 หลักการ แนวคิด ทฤษฎีทางการบริหารการศึกษา = principles, theories of education administration/^cภารดี อนันต์นาวี
246 30 principles, theories of education administration
260    ชลบุรี :^bภาควิชาบริหารการศึกษา คณะศึกษาศาสตร์ มหาวิทยาลัยบูรพา ,^c2551
300    339 หน้า :^bภาพประกอบ ;^c26 ซม
650  7 การบริหารการศึกษา
710 2  มหาวิทยาลัยบูรพา.^bภาควิชาบริหารการศึกษา
945    ^p200^l0^i023948
945    ^p200^l0^i023949
995    ทศพร
999 ^a ทศพร
รายการนี้ยังไม่มีแท็ก
คุณยังไม่ได้ล็อกอิน คุณสามารถมีกิจกรรมร่วมกับเว็บไซต์ได้ แต่ต้องล็อกอินก่อน ::
  ล็อกอิน

รายการสื่อสารสนเทศ

ลำดับที่ ประเภท เลขเรียก/บาร์โค้ด สถานที่ สถานะ
- ไม่พบข้อมูล -

รายการใกล้เคียง
    ผู้แต่ง [ภารดี อนันต์นาวี]

    หัวเรื่อง [การบริหารการศึกษา]

BibComment


ยังไม่เคยถูกคอมเมนท์

คอมเมนท์ทรัพยากรรายการนี้
  คอมเมนท์: หลักการ แนวคิด ทฤ..


 Copyright 2026. Bcnsprnw @Library